000
002840000a22001090004500
100
1
_a
Viana, Carlos H.
245
1
0
_a
Nuevos retos en México
300
_a
Vol.45, núm.195 (1990), Páginas 26-29
650
1
4
_a
SOCIEDADES BÍBLICAS
773
0
_t
La Biblia en las Américas
942
_c
ANA
999
_c
62880
_d
62880